Critical thinking/ (Record no. 4854)
[ view plain ]
| 000 -LEADER | |
|---|---|
| fixed length control field | 00809nac a22002051u 4500 |
| 020 ## - INTERNATIONAL STANDARD BOOK NUMBER | |
| International Standard Book Number | 9781859649206 |
| 082 ## - DEWEY DECIMAL CLASSIFICATION NUMBER | |
| Classification number | 371.30281 |
| Item number | N968 |
| 090 ## - LOCALLY ASSIGNED LC-TYPE CALL NUMBER (OCLC); LOCAL CALL NUMBER (OCLC) | |
| -- | 4854 |
| -- | 4854 |
| 100 ## - MAIN ENTRY--PERSONAL NAME | |
| Personal name | Nukui, Clare |
| 245 ## - TITLE STATEMENT | |
| Title | Critical thinking/ |
| Statement of responsibility, etc | Clare Nukui with Jane Brooks |
| Name of part/section of a work | Course book |
| Number of part/section of a work | Module 6 |
| 260 ## - PUBLICATION, DISTRIBUTION, ETC. (IMPRINT) | |
| Place of publication, distribution, etc | London: |
| Name of publisher, distributor, etc | Garnet pub.,2007 |
| Date of publication, distribution, etc | 2007 |
| 300 ## - PHYSICAL DESCRIPTION | |
| Extent | 38p.: |
| Other physical details | col. ill.; |
| Dimensions | 26 cm. |
| 440 ## - | |
| -- | University foundation study |
| 650 ## - SUBJECT ADDED ENTRY--TOPICAL TERM | |
| Topical term or geographic name as entry element | Study skills |
| 650 ## - SUBJECT ADDED ENTRY--TOPICAL TERM | |
| Topical term or geographic name as entry element | Life skills |
| 700 ## - ADDED ENTRY--PERSONAL NAME | |
| Personal name | Brooks, Jane |
| 942 ## - ADDED ENTRY ELEMENTS (KOHA) | |
| Item type | NB - Book (Non borrowing) |
| Call number prefix | 371.30281N968 |
| Withdrawn status | Item status | Damaged status | Not for loan | Home library | Current library | Shelving location | Date acquired | Source of acquisition | Total Checkouts | Full call number | Barcode | Date last seen | Koha item type | Source of classification or shelving scheme | Vendor |
|---|---|---|---|---|---|---|---|---|---|---|---|---|---|---|---|
| Central Library | Central Library | First floor | 25/09/2007 | Purchase | 371.30281 NUK | 000006048 | 15/07/2025 | NB - Book (Non borrowing) | |||||||
| Central Library | Central Library | First floor | 09/10/2011 | 371.30281 NUK | 000006057 | 15/07/2025 | Book - Borrowing | Dewey Decimal Classification |